000 00885nam0a22002531 4500
001 v19\rc\1545532
005 20260405071200.0
035 _a(NLR Aleph) 004662247
090 _a3566056
_c3566056
100 _a20060620d1892 |||y0rusy50 ca
101 0 _arus
102 _aRU
105 _aa b |||||
200 1 _aЖитие и страдания святой великомученицы Екатерины девы премудрой
205 _a4-е изд.
210 _aМосква
_cО-во любителей духов. просвещения
_d1892
215 _a24 с.
_cил.
_d17
702 0 _4570
_8rus
_7ca
_aЕкатерина Александрийская
_cсвятая
_f-ок.307
_3RU\NLR\AUTH\7717728
_9814
801 0 _aRU
_bNLR
_gpsbo
801 0 _aRU
_bRuMoRGB
_2psbo
801 1 _aRU
_bProSoft-M
_2rusmarc
852 _aNLR
_j18.188.3.382
942 _cBOOK
980 _aNB